| 000 | 01265nam a22004337a 4500 | ||
|---|---|---|---|
| 001 | BR8003945 | ||
| 003 | BR-BrBNA | ||
| 005 | 20230928090638.0 | ||
| 007 | ta | ||
| 008 | 230509b bl.||||| |||| 00| 0 por d | ||
| 040 |
_aBR-BrBNA _bpor _cBiblioteca Nacional de Agricultura |
||
| 041 | _a(Por) | ||
| 072 |
_aE70; F00; E15 _b1850 _b/G514 |
||
| 090 | _ 1850 BR8003945 | ||
| 100 | 1 | _aPantoja, A.A. | |
| 100 | 1 | _aRebello, A.P. | |
| 100 | 1 | _aMelo Filho, B.M. | |
| 100 | 1 | _aLopes, D.A. de P. | |
| 100 | 1 | _aCosta, F. de A. | |
| 100 | 1 | _aVilar, J. | |
| 100 | 1 | _aMonteiro, J.M. | |
| 100 | 1 | _aDuarte, M. de L.R. | |
| 100 | 1 | _aCoral, R.P. da S. | |
| 100 | 1 | _aSantos, W.H.P. dos | |
| 110 | 1 |
_aComissao Estadual de Planejamento Agricola, Belem, PA (Brasil) _92044 |
|
| 245 | 1 | _aSubsidios ao Programa Nacional de Producao e Abastecimento do Tomate - PRONATO. Estado do Para [Lycopersicum esculentum; Brasil] | |
| 260 | 3 |
_aBelem, PA (Brasil): _c1980. |
|
| 300 | _a33 p. | ||
| 500 | _a12 tables; 10 ref. | ||
| 650 | _aTOMATE | ||
| 650 | _aESTATISTICA DE PRODUCAO | ||
| 650 | _aCUSTO DE PRODUCAO | ||
| 650 | _aMERCADO | ||
| 650 | _aCONSUMO | ||
| 650 | _aABASTECIMENTO | ||
| 650 | _aPARA | ||
| 909 |
_a202309 _bLucia _c55 _dLucia Elande |
||
| 942 | _cBK | ||
| 999 |
_c29800 _d29800 |
||